000 00363cam7a220013300 4500
005 20190819100741.0
008 040720
020 _a4770018924
035 _a(Sirsi) a147118
050 0 _aDS806
_bJAP 1995
245 1 0 _aJapan :
_bprofile of a nation
260 _aTokyo:
_bKodansha International,
_c1995.
651 0 _aJapan
_6S4300.1
999 _c101323
_d101323